|
|
|
|
| LEADER |
01414nam a22003377a 4500 |
| 001 |
37092 |
| 003 |
BD-DhAAL |
| 005 |
20211111115249.0 |
| 008 |
200220r20162007enka 001 0 eng d |
| 999 |
|
|
|c 41873
|d 41873
|
| 010 |
|
|
|a 2007282225
|
| 020 |
|
|
|a 9780521876582 (cased)
|
| 020 |
|
|
|a 0521876583 (cased)
|
| 035 |
|
|
|a (OCoLC)ocn137221653
|
| 040 |
|
|
|a UKM
|c UKM
|d BTCTA
|d BAKER
|d YDXCP
|d C#P
|d IXA
|d DLC
|d BD-DhAAL
|
| 050 |
0 |
0 |
|a QA76.889
|b .M47 2007
|
| 082 |
0 |
4 |
|a 004.1
|2 22
|
| 100 |
1 |
|
|a Mermin, N. David
|9 39408
|
| 245 |
1 |
0 |
|a Quantum computer science :
|b an introduction /
|c N. David Mermin.
|
| 260 |
|
|
|a Cambridge :
|b Cambridge University Press,
|c c2007 [2016]
|
| 300 |
|
|
|a xiv, 220 pages :
|b illustrations ;
|c 26 cm.
|
| 504 |
|
|
|a Includes bibliographical references and index.
|
| 526 |
|
|
|a CSE
|
| 541 |
|
|
|a Trim Education
|e 37092, 37093
|
| 650 |
|
0 |
|a Quantum computers.
|9 39409
|
| 650 |
|
0 |
|a Quantum theory.
|9 39410
|
| 650 |
|
0 |
|a Computer science.
|9 42560
|
| 852 |
|
|
|a Ayesha Abed Library
|c General Stacks
|
| 942 |
|
|
|2 ddc
|c BK
|
| 952 |
|
|
|0 0
|1 0
|2 ddc
|4 0
|6 004_100000000000000_MER
|7 0
|9 67963
|a BRACUL
|b BRACUL
|c GEN
|d 2020-02-11
|e Trim Education
|g 4135.00
|l 0
|o 004.1 MER
|p 3010037092
|r 2020-02-11
|t 1
|v 4135.00
|w 2020-02-11
|y BK
|
| 952 |
|
|
|0 0
|1 0
|2 ddc
|4 0
|6 004_100000000000000_MER
|7 0
|9 67964
|a BRACUL
|b BRACUL
|c GEN
|d 2020-02-11
|e Trim Education
|g 4135.00
|l 4
|m 30
|o 004.1 MER
|p 3010037093
|r 2025-10-23
|s 2025-10-22
|t 2
|v 4135.00
|w 2020-02-11
|y BK
|